Fußball Top 10 #17 (teuerste ManCity Transfers von Pep Guardiola) - Statistiken

Allgemein
  • Dieses Quiz wurde 151 mal gespielt
  • Das Durchschnittsergebnis liegt bei 7 aus 10
Antwortstatistiken
Platz Ablöse (in Mio.€) Abgebender Verein Spieler % Korrekt
1 117,5 Aston Villa Jack Grealish
96%
9 60 Borussia Dortmund Erling Haaland
93%
2 90 RB Leipzig Josko Gvardiol
92%
3 71,6 Benfica Lissabon Rúben Dias
74%
4 70 Atletico Madrid Rodri
73%
5 67,8 Leicester City Riyad Mahrez
67%
10 60 Stade Rennes Jérémy Doku
58%
6 65 Athletic Bilbao Aymeric Laporte
54%
7 65 Juventus Turin João Cancelo
49%
8 62 Wolverhampton Matheus Nunes
45%
Keine übereinstimmenden Quizze gefunden
Verteilung der Resultate
Anzahl Personen mit jedem Resultat
Perzentil nach korrekt beantworteten Fragen
Ihre Resultats-Entwicklung
Sie haben dieses Quiz noch nicht gespielt